Techniques of guidance and counselling made simple: a handbook for universities, colleges and counsellors (Record no. 1461)
| 000 -LEADER | |
|---|---|
| fixed length control field | 00594nam a22001937a 4500 |
| 003 - CONTROL NUMBER IDENTIFIER | |
| control field | OSt |
| 005 - DATE AND TIME OF LATEST TRANSACTION | |
| control field | 20150113151344.0 |
| 008 - FIXED-LENGTH DATA ELEMENTS--GENERAL INFORMATION | |
| fixed length control field | 150113b xxu||||| |||| 00| 0 eng d |
| 020 ## - INTERNATIONAL STANDARD BOOK NUMBER | |
| International Standard Book Number | 9966226338 |
| 050 ## - LIBRARY OF CONGRESS CALL NUMBER | |
| Classification number | LB 1027.5.K3 2007 |
| 100 ## - MAIN ENTRY--PERSONAL NAME | |
| Personal name | Kasomo, Daniel |
| 245 ## - TITLE STATEMENT | |
| Title | Techniques of guidance and counselling made simple: a handbook for universities, colleges and counsellors |
| Statement of responsibility, etc | Daniel Kasomo. |
| 260 ## - PUBLICATION, DISTRIBUTION, ETC. (IMPRINT) | |
| Place of publication, distribution, etc | Nairobi |
| Name of publisher, distributor, etc | The Jomo Kenyatta Foundation |
| Date of publication, distribution, etc | 2007 |
| 300 ## - PHYSICAL DESCRIPTION | |
| Extent | 207p. |
| 504 ## - BIBLIOGRAPHY, ETC. NOTE | |
| Bibliography, etc | Includes bibl. refs. |
| 650 ## - SUBJECT ADDED ENTRY--TOPICAL TERM | |
| Topical term or geographic name as entry element | Counselling |
| 650 ## - SUBJECT ADDED ENTRY--TOPICAL TERM | |
| Topical term or geographic name as entry element | Educational counselling |
| 942 ## - ADDED ENTRY ELEMENTS (KOHA) | |
| Source of classification or shelving scheme | |
| Koha item type | Book |
| Withdrawn status | Lost status | Source of classification or shelving scheme | Damaged status | Not for loan | Home library | Current library | Shelving location | Date acquired | Total Checkouts | Full call number | Barcode | Date last seen | Copy number | Price effective from | Koha item type | Date checked out | Total Renewals |
|---|---|---|---|---|---|---|---|---|---|---|---|---|---|---|---|---|---|
| Riara University Library | Riara University Library | General stack | 13/01/2015 | LB 1027.5.K3 2007 | 5219/15 | 13/01/2015 | C.1 | 13/01/2015 | Book | ||||||||
| Riara University Library | Riara University Library | General stack | 13/01/2015 | 1 | LB 1027.5.K3 2007 | 5220/15 | 01/11/2018 | C.2 | 13/01/2015 | Book | 18/10/2018 | ||||||
| Riara University Library | Riara University Library | General stack | 13/01/2015 | 5 | LB 1027.5.K3 2007 | 5221/15 | 05/09/2025 | C.3 | 13/01/2015 | Book | 05/09/2025 | ||||||
| Riara University Library | Riara University Library | General stack | 13/01/2015 | 2 | LB 1027.5.K3 2007 | 5222/15 | 15/11/2018 | C.4 | 13/01/2015 | Book | 18/10/2018 | 1 |
